000 00305nam a2200109 a 4500
005 20140414131916.0
008 101019s19uu xx 00 eng d
050 _aER
_bB11 1998
245 _aBabe, pig in the city :
_bfriends to the rescue!.
260 _aNew York :
_bRandom House,
_c1998.
999 _c111487
_d111487